[Event "AUTO-MASTER-3297"]
[Site "http://www.queenalice.com/game.php?id=1873224"]
[Date "2026.5.9"]
[Round "2"]
[White "BeatifulDevil56"]
[Black "Fauquinelle"]
[Result "0-1"]
[WhiteElo "2202"]
[BlackElo "2100"]

1. d4 Nf6 2. Nf3 c5 3. d5 b5 4. Bg5 Ne4 5. Bf4 d6 6. Nbd2 Nf6 7. e4 a6 8. a4 b4
9. Bc4 Bg4 10. Be2 Nbd7 11. h3 Bh5 12. g4 Bg6 13. Bd3 e5 14. dxe6 fxe6 15. g5
Nh5 16. Be3 a5 17. Be2 Be7 18. h4 O-O 19. Ng1 Qe8 20. Bb5 Qc8 21. f3 Ne5 22. f4
Nxf4 23. Bxf4 Rxf4 24. Qe2 Qb7 25. O-O-O Bxe4 26. Nxe4 Rxe4 27. Qg2 d5 0-1

[Event "AUTO-ADV-4914"]
[Site "http://www.queenalice.com/game.php?id=1873531"]
[Date "2026.5.18"]
[Round "2"]
[White "Fauquinelle"]
[Black "silverado"]
[Result "1-0"]
[WhiteElo "2049"]
[BlackElo "2007"]

1. e4 e5 2. Nf3 Nc6 3. Bb5 Qf6 4. Nc3 Nge7 5. d3 h6 6. Be3 a6 7. Bc4 b5 8. Bd5
Nxd5 9. Nxd5 Qd6 10. Qd2 Bb7 11. Nh4 g6 12. O-O Nb4 13. Nxb4 Qxb4 14. c3 Qd6 15.
g3 Be7 16. Ng2 O-O-O 17. f4 f6 18. Qc2 Rdf8 19. Rad1 f5 20. fxe5 Qe6 21. exf5
Rxf5 22. d4 Rxf1+ 23. Rxf1 g5 24. Ne1 Qd5 25. Kf2 Rf8+ 26. Ke2 Rxf1 27. Kxf1
Qh1+ 28. Bg1 Be4 29. Qf2 g4 30. Qf7 Bd8 31. Qf8 Bd5 32. Qxh6 Bc4+ 33. Kf2 Qe4
34. Qe3 Qb1 35. Qd2 Qxa2 36. Qc2 Be6 37. Ke2 Qd5 38. Be3 Qh1 39. Kd1 a5 40. Qg2
Bb3+ 41. Kd2 Qxg2+ 42. Nxg2 Bd5 43. Nf4 Bc4 44. Kc2 a4 45. Ng2 Be7 46. Bf4 b4
47. Ne3 b3+ 48. Kb1 Be2 49. c4 c6 50. c5 Bd3+ 51. Kc1 Be2 52. Kd2 Bf3 53. Nc4
Bd8 54. Kc3 Kb7 55. Kb4 Be2 56. Nd6+ Ka6 57. Kxa4 Bd1 58. Nc4 Bc7 59. Ne3 Bf3
60. Kxb3 Ba5 61. Nc4 Bd1+ 62. Ka3 Be1 63. Nb6 Bf2 64. Nxd7 Bxd4 65. e6 Bc2 66.
Be5 Bf5 67. Bxd4 Bxe6 68. Ne5 Kb5 69. b3 Bf5 70. b4 Be6 71. Bc3 Bf5 72. Bd2 Be6
73. Kb2 Bf5 74. Kc3 Be6 75. Kd4 Bf5 76. Ke3 Bc8 77. Kf4 Be6 78. Nxg4 Kc4 79.
Ne5+ Kd5 80. h4 Bh3 81. g4 Bg2 82. h5 Ke6 83. g5 Ke7 84. h6 Kf8 85. g6 Kg8 86.
h7+ Kg7 87. Kf5 Bd5 88. Bh6+ 1-0

[Event "AUTO-ADV-4914"]
[Site "http://www.queenalice.com/game.php?id=1873532"]
[Date "2026.5.18"]
[Round "2"]
[White "silverado"]
[Black "Fauquinelle"]
[Result "1-0"]
[WhiteElo "1948"]
[BlackElo "2115"]

1. d4 d5 2. c4 c6 3. c5 g6 4. Bf4 Nd7 5. e3 Bg7 6. Nc3 Ngf6 7. h3 Ne4 8. Nxe4
dxe4 9. Qc2 Qa5+ 10. Qd2 Qxd2+ 11. Kxd2 e5 12. dxe5 Nxe5 13. Kc2 Nd3 14. Bxd3
exd3+ 15. Kxd3 Bxb2 16. Rb1 Bg7 17. Nf3 O-O 18. Bd6 Re8 19. Rhd1 Rd8 20. Ke2 b6
21. Nd4 bxc5 22. Bxc5 Ba6+ 23. Kf3 Rd5 24. Ba3 c5 25. Nc6 Rxd1 26. Rxd1 Bf8 27.
Ne5 Bb7+ 28. e4 Kg7 29. Rd7 Ba6 30. Rxf7+ Kg8 31. Rd7 Bb5 32. Rd2 a6 33. Nd7 Be7
34. Bxc5 Bg5 35. Rd5 Bc1 36. Bd4 Kf7 37. h4 Ba3 38. Ne5+ Ke8 39. g4 Be7 40. g5
Rc8 41. Kf4 Bc4 42. Nxc4 Rxc4 43. f3 Ra4 44. Ke5 Rxa2 45. Ke6 Rc2 46. Ra5 Rc6+
47. Ke5 Bb4 48. Ra4 a5 49. f4 Ke7 50. Kd5 Rd6+ 51. Kc4 Kd7 52. f5 Ke8 53. f6 Rb6
54. Bxb6 1-0